<?xml version="1.0" encoding="UTF-8"?>
<record
    xmlns:xsi="http://www.w3.org/2001/XMLSchema-instance"
    xsi:schemaLocation="http://www.loc.gov/MARC21/slim http://www.loc.gov/standards/marcxml/schema/MARC21slim.xsd"
    xmlns="http://www.loc.gov/MARC21/slim">

  <leader>00473nam a2200181   4500</leader>
  <controlfield tag="003">SEACOMEC</controlfield>
  <controlfield tag="005">20250806160453.0</controlfield>
  <controlfield tag="008">250806b        |||||||| |||| 00| 0 eng d</controlfield>
  <datafield tag="020" ind1=" " ind2=" ">
    <subfield code="a">9789332587908</subfield>
    <subfield code="c">635</subfield>
  </datafield>
  <datafield tag="040" ind1=" " ind2=" ">
    <subfield code="a">SEACOMEC</subfield>
  </datafield>
  <datafield tag="082" ind1=" " ind2=" ">
    <subfield code="a">670</subfield>
    <subfield code="b">K14M</subfield>
  </datafield>
  <datafield tag="100" ind1=" " ind2=" ">
    <subfield code="a">Kalpakjian, Serope </subfield>
  </datafield>
  <datafield tag="245" ind1=" " ind2=" ">
    <subfield code="a">Manufacturing Engineering and Technology</subfield>
    <subfield code="c">Serope Kalpakjian</subfield>
  </datafield>
  <datafield tag="250" ind1=" " ind2=" ">
    <subfield code="a">4th ed.</subfield>
  </datafield>
  <datafield tag="260" ind1=" " ind2=" ">
    <subfield code="a">New Delhi</subfield>
    <subfield code="b">Pearson</subfield>
    <subfield code="c">2011</subfield>
  </datafield>
  <datafield tag="700" ind1=" " ind2=" ">
    <subfield code="a">Schmid, Steven R</subfield>
  </datafield>
  <datafield tag="942" ind1=" " ind2=" ">
    <subfield code="c">BOOK</subfield>
  </datafield>
  <datafield tag="952" ind1=" " ind2=" ">
    <subfield code="0">0</subfield>
    <subfield code="1">0</subfield>
    <subfield code="2">ddc</subfield>
    <subfield code="4">0</subfield>
    <subfield code="7">0</subfield>
    <subfield code="a">SEACOMEC</subfield>
    <subfield code="b">SEACOMEC</subfield>
    <subfield code="d">2025-08-06</subfield>
    <subfield code="l">0</subfield>
    <subfield code="o">670 K14M</subfield>
    <subfield code="p">18671</subfield>
    <subfield code="r">2025-08-06 16:05:36</subfield>
    <subfield code="w">2025-08-06</subfield>
    <subfield code="y">BOOK</subfield>
  </datafield>
  <datafield tag="952" ind1=" " ind2=" ">
    <subfield code="0">0</subfield>
    <subfield code="1">0</subfield>
    <subfield code="2">ddc</subfield>
    <subfield code="4">0</subfield>
    <subfield code="7">0</subfield>
    <subfield code="a">SEACOMEC</subfield>
    <subfield code="b">SEACOMEC</subfield>
    <subfield code="d">2025-08-06</subfield>
    <subfield code="l">0</subfield>
    <subfield code="o">670 K14M</subfield>
    <subfield code="p">18672</subfield>
    <subfield code="r">2025-08-06 16:05:57</subfield>
    <subfield code="t">1</subfield>
    <subfield code="w">2025-08-06</subfield>
    <subfield code="y">BOOK</subfield>
  </datafield>
  <datafield tag="952" ind1=" " ind2=" ">
    <subfield code="0">0</subfield>
    <subfield code="1">0</subfield>
    <subfield code="2">ddc</subfield>
    <subfield code="4">0</subfield>
    <subfield code="7">0</subfield>
    <subfield code="a">SEACOMEC</subfield>
    <subfield code="b">SEACOMEC</subfield>
    <subfield code="d">2025-08-06</subfield>
    <subfield code="l">0</subfield>
    <subfield code="o">670 K14M</subfield>
    <subfield code="p">18673</subfield>
    <subfield code="r">2025-08-06 16:05:57</subfield>
    <subfield code="t">2</subfield>
    <subfield code="w">2025-08-06</subfield>
    <subfield code="y">BOOK</subfield>
  </datafield>
  <datafield tag="952" ind1=" " ind2=" ">
    <subfield code="0">0</subfield>
    <subfield code="1">0</subfield>
    <subfield code="2">ddc</subfield>
    <subfield code="4">0</subfield>
    <subfield code="7">0</subfield>
    <subfield code="a">SEACOMEC</subfield>
    <subfield code="b">SEACOMEC</subfield>
    <subfield code="d">2025-08-06</subfield>
    <subfield code="l">0</subfield>
    <subfield code="o">670 K14M</subfield>
    <subfield code="p">18674</subfield>
    <subfield code="r">2025-08-06 16:05:57</subfield>
    <subfield code="t">3</subfield>
    <subfield code="w">2025-08-06</subfield>
    <subfield code="y">BOOK</subfield>
  </datafield>
  <datafield tag="952" ind1=" " ind2=" ">
    <subfield code="0">0</subfield>
    <subfield code="1">0</subfield>
    <subfield code="2">ddc</subfield>
    <subfield code="4">0</subfield>
    <subfield code="7">0</subfield>
    <subfield code="a">SEACOMEC</subfield>
    <subfield code="b">SEACOMEC</subfield>
    <subfield code="d">2025-08-06</subfield>
    <subfield code="l">0</subfield>
    <subfield code="o">670 K14M</subfield>
    <subfield code="p">18675</subfield>
    <subfield code="r">2025-08-06 16:05:57</subfield>
    <subfield code="t">4</subfield>
    <subfield code="w">2025-08-06</subfield>
    <subfield code="y">BOOK</subfield>
  </datafield>
  <datafield tag="952" ind1=" " ind2=" ">
    <subfield code="0">0</subfield>
    <subfield code="1">0</subfield>
    <subfield code="2">ddc</subfield>
    <subfield code="4">0</subfield>
    <subfield code="7">0</subfield>
    <subfield code="a">SEACOMEC</subfield>
    <subfield code="b">SEACOMEC</subfield>
    <subfield code="d">2025-08-06</subfield>
    <subfield code="l">0</subfield>
    <subfield code="o">670 K14M</subfield>
    <subfield code="p">18676</subfield>
    <subfield code="r">2025-08-06 16:05:57</subfield>
    <subfield code="t">5</subfield>
    <subfield code="w">2025-08-06</subfield>
    <subfield code="y">BOOK</subfield>
  </datafield>
  <datafield tag="952" ind1=" " ind2=" ">
    <subfield code="0">0</subfield>
    <subfield code="1">0</subfield>
    <subfield code="2">ddc</subfield>
    <subfield code="4">0</subfield>
    <subfield code="7">0</subfield>
    <subfield code="a">SEACOMEC</subfield>
    <subfield code="b">SEACOMEC</subfield>
    <subfield code="d">2025-08-06</subfield>
    <subfield code="l">0</subfield>
    <subfield code="o">670 K14M</subfield>
    <subfield code="p">18677</subfield>
    <subfield code="r">2025-08-06 16:05:57</subfield>
    <subfield code="t">6</subfield>
    <subfield code="w">2025-08-06</subfield>
    <subfield code="y">BOOK</subfield>
  </datafield>
  <datafield tag="952" ind1=" " ind2=" ">
    <subfield code="0">0</subfield>
    <subfield code="1">0</subfield>
    <subfield code="2">ddc</subfield>
    <subfield code="4">0</subfield>
    <subfield code="7">0</subfield>
    <subfield code="a">SEACOMEC</subfield>
    <subfield code="b">SEACOMEC</subfield>
    <subfield code="d">2025-08-06</subfield>
    <subfield code="l">0</subfield>
    <subfield code="o">670 K14M</subfield>
    <subfield code="p">18678</subfield>
    <subfield code="r">2025-08-06 16:05:57</subfield>
    <subfield code="t">7</subfield>
    <subfield code="w">2025-08-06</subfield>
    <subfield code="y">BOOK</subfield>
  </datafield>
  <datafield tag="952" ind1=" " ind2=" ">
    <subfield code="0">0</subfield>
    <subfield code="1">0</subfield>
    <subfield code="2">ddc</subfield>
    <subfield code="4">0</subfield>
    <subfield code="7">0</subfield>
    <subfield code="a">SEACOMEC</subfield>
    <subfield code="b">SEACOMEC</subfield>
    <subfield code="d">2025-08-06</subfield>
    <subfield code="l">0</subfield>
    <subfield code="o">670 K14M</subfield>
    <subfield code="p">18679</subfield>
    <subfield code="r">2025-08-06 16:05:57</subfield>
    <subfield code="t">8</subfield>
    <subfield code="w">2025-08-06</subfield>
    <subfield code="y">BOOK</subfield>
  </datafield>
  <datafield tag="952" ind1=" " ind2=" ">
    <subfield code="0">0</subfield>
    <subfield code="1">0</subfield>
    <subfield code="2">ddc</subfield>
    <subfield code="4">0</subfield>
    <subfield code="7">0</subfield>
    <subfield code="a">SEACOMEC</subfield>
    <subfield code="b">SEACOMEC</subfield>
    <subfield code="d">2025-08-06</subfield>
    <subfield code="l">0</subfield>
    <subfield code="o">670 K14M</subfield>
    <subfield code="p">18680</subfield>
    <subfield code="r">2025-08-06 16:05:57</subfield>
    <subfield code="t">9</subfield>
    <subfield code="w">2025-08-06</subfield>
    <subfield code="y">BOOK</subfield>
  </datafield>
  <datafield tag="952" ind1=" " ind2=" ">
    <subfield code="0">0</subfield>
    <subfield code="1">0</subfield>
    <subfield code="2">ddc</subfield>
    <subfield code="4">0</subfield>
    <subfield code="7">0</subfield>
    <subfield code="a">SEACOMEC</subfield>
    <subfield code="b">SEACOMEC</subfield>
    <subfield code="d">2025-08-06</subfield>
    <subfield code="l">0</subfield>
    <subfield code="o">670 K14M</subfield>
    <subfield code="p">18681</subfield>
    <subfield code="r">2025-08-06 16:05:57</subfield>
    <subfield code="t">10</subfield>
    <subfield code="w">2025-08-06</subfield>
    <subfield code="y">BOOK</subfield>
  </datafield>
  <datafield tag="952" ind1=" " ind2=" ">
    <subfield code="0">0</subfield>
    <subfield code="1">0</subfield>
    <subfield code="2">ddc</subfield>
    <subfield code="4">0</subfield>
    <subfield code="7">0</subfield>
    <subfield code="a">SEACOMEC</subfield>
    <subfield code="b">SEACOMEC</subfield>
    <subfield code="d">2025-08-06</subfield>
    <subfield code="l">0</subfield>
    <subfield code="o">670 K14M</subfield>
    <subfield code="p">18682</subfield>
    <subfield code="r">2025-08-06 16:05:57</subfield>
    <subfield code="t">11</subfield>
    <subfield code="w">2025-08-06</subfield>
    <subfield code="y">BOOK</subfield>
  </datafield>
  <datafield tag="952" ind1=" " ind2=" ">
    <subfield code="0">0</subfield>
    <subfield code="1">0</subfield>
    <subfield code="2">ddc</subfield>
    <subfield code="4">0</subfield>
    <subfield code="7">0</subfield>
    <subfield code="a">SEACOMEC</subfield>
    <subfield code="b">SEACOMEC</subfield>
    <subfield code="d">2025-08-06</subfield>
    <subfield code="l">0</subfield>
    <subfield code="o">670 K14M</subfield>
    <subfield code="p">18683</subfield>
    <subfield code="r">2025-08-06 16:05:57</subfield>
    <subfield code="t">12</subfield>
    <subfield code="w">2025-08-06</subfield>
    <subfield code="y">BOOK</subfield>
  </datafield>
  <datafield tag="952" ind1=" " ind2=" ">
    <subfield code="0">0</subfield>
    <subfield code="1">0</subfield>
    <subfield code="2">ddc</subfield>
    <subfield code="4">0</subfield>
    <subfield code="7">0</subfield>
    <subfield code="a">SEACOMEC</subfield>
    <subfield code="b">SEACOMEC</subfield>
    <subfield code="d">2025-08-06</subfield>
    <subfield code="l">0</subfield>
    <subfield code="o">670 K14M</subfield>
    <subfield code="p">18684</subfield>
    <subfield code="r">2025-08-06 16:05:57</subfield>
    <subfield code="t">13</subfield>
    <subfield code="w">2025-08-06</subfield>
    <subfield code="y">BOOK</subfield>
  </datafield>
  <datafield tag="952" ind1=" " ind2=" ">
    <subfield code="0">0</subfield>
    <subfield code="1">0</subfield>
    <subfield code="2">ddc</subfield>
    <subfield code="4">0</subfield>
    <subfield code="7">0</subfield>
    <subfield code="a">SEACOMEC</subfield>
    <subfield code="b">SEACOMEC</subfield>
    <subfield code="d">2025-08-06</subfield>
    <subfield code="l">0</subfield>
    <subfield code="o">670 K14M</subfield>
    <subfield code="p">18685</subfield>
    <subfield code="r">2025-08-06 16:05:57</subfield>
    <subfield code="t">14</subfield>
    <subfield code="w">2025-08-06</subfield>
    <subfield code="y">BOOK</subfield>
  </datafield>
  <datafield tag="952" ind1=" " ind2=" ">
    <subfield code="0">0</subfield>
    <subfield code="1">0</subfield>
    <subfield code="2">ddc</subfield>
    <subfield code="4">0</subfield>
    <subfield code="7">0</subfield>
    <subfield code="a">SEACOMEC</subfield>
    <subfield code="b">SEACOMEC</subfield>
    <subfield code="d">2025-08-06</subfield>
    <subfield code="l">0</subfield>
    <subfield code="o">670 K14M</subfield>
    <subfield code="p">18686</subfield>
    <subfield code="r">2025-08-06 16:05:57</subfield>
    <subfield code="t">15</subfield>
    <subfield code="w">2025-08-06</subfield>
    <subfield code="y">BOOK</subfield>
  </datafield>
  <datafield tag="952" ind1=" " ind2=" ">
    <subfield code="0">0</subfield>
    <subfield code="1">0</subfield>
    <subfield code="2">ddc</subfield>
    <subfield code="4">0</subfield>
    <subfield code="7">0</subfield>
    <subfield code="a">SEACOMEC</subfield>
    <subfield code="b">SEACOMEC</subfield>
    <subfield code="d">2025-08-06</subfield>
    <subfield code="l">0</subfield>
    <subfield code="o">670 K14M</subfield>
    <subfield code="p">18687</subfield>
    <subfield code="r">2025-08-06 16:05:57</subfield>
    <subfield code="t">16</subfield>
    <subfield code="w">2025-08-06</subfield>
    <subfield code="y">BOOK</subfield>
  </datafield>
  <datafield tag="952" ind1=" " ind2=" ">
    <subfield code="0">0</subfield>
    <subfield code="1">0</subfield>
    <subfield code="2">ddc</subfield>
    <subfield code="4">0</subfield>
    <subfield code="7">0</subfield>
    <subfield code="a">SEACOMEC</subfield>
    <subfield code="b">SEACOMEC</subfield>
    <subfield code="d">2025-08-06</subfield>
    <subfield code="l">0</subfield>
    <subfield code="o">670 K14M</subfield>
    <subfield code="p">18688</subfield>
    <subfield code="r">2025-08-06 16:05:57</subfield>
    <subfield code="t">17</subfield>
    <subfield code="w">2025-08-06</subfield>
    <subfield code="y">BOOK</subfield>
  </datafield>
  <datafield tag="952" ind1=" " ind2=" ">
    <subfield code="0">0</subfield>
    <subfield code="1">0</subfield>
    <subfield code="2">ddc</subfield>
    <subfield code="4">0</subfield>
    <subfield code="7">0</subfield>
    <subfield code="a">SEACOMEC</subfield>
    <subfield code="b">SEACOMEC</subfield>
    <subfield code="d">2025-08-06</subfield>
    <subfield code="l">0</subfield>
    <subfield code="o">670 K14M</subfield>
    <subfield code="p">18689</subfield>
    <subfield code="r">2025-08-06 16:05:57</subfield>
    <subfield code="t">18</subfield>
    <subfield code="w">2025-08-06</subfield>
    <subfield code="y">BOOK</subfield>
  </datafield>
  <datafield tag="952" ind1=" " ind2=" ">
    <subfield code="0">0</subfield>
    <subfield code="1">0</subfield>
    <subfield code="2">ddc</subfield>
    <subfield code="4">0</subfield>
    <subfield code="7">0</subfield>
    <subfield code="a">SEACOMEC</subfield>
    <subfield code="b">SEACOMEC</subfield>
    <subfield code="d">2025-08-06</subfield>
    <subfield code="l">0</subfield>
    <subfield code="o">670 K14M</subfield>
    <subfield code="p">18690</subfield>
    <subfield code="r">2025-08-06 16:05:57</subfield>
    <subfield code="t">19</subfield>
    <subfield code="w">2025-08-06</subfield>
    <subfield code="y">BOOK</subfield>
  </datafield>
  <datafield tag="999" ind1=" " ind2=" ">
    <subfield code="c">2357</subfield>
    <subfield code="d">2357</subfield>
  </datafield>
</record>
